Материаловедение / ДО 2018 (15.03.01): электронный курс

Bibliographic Details
Main Author: Стрелкова И. Л. Ирина Леонидовна
Corporate Author: Национальный исследовательский Томский политехнический университет Инженерная школа новых производственных технологий Отделение материаловедения
Other Authors: Багинский А. Г. Андрей Геннадьевич
Summary:Заглавие с экрана
Курс "Материаловедение" предназначен для студентов ЗФО, обучающихся по специальности 15.03.01 Машиностроение, в 7 семестре. Дисциплина изучает основные закономерности формирования структуры и свойств конструкционных материалов и способы их улучшения.
Доступ по логину и паролю
Language:Russian
Published: Томск, TPU Moodle, 2021
Subjects:
Online Access:https://design.lms.tpu.ru/course/view.php?id=4099
Format: MixedMaterials Electronic Book
KOHA link:https://koha.lib.tpu.ru/cgi-bin/koha/opac-detail.pl?biblionumber=658392

MARC

LEADER 00000nlm0a2200000 4500
001 658392
005 20240206112038.0
035 |a (RuTPU)RU\TPU\network\26143 
090 |a 658392 
100 |a 20181010d2021 m y0rusy50 ca 
101 0 |a rus 
102 |a RU 
105 |a a j 000zy 
135 |a jrcn ---uucaa 
181 0 |a i  
182 0 |a b 
200 1 |a Материаловедение / ДО 2018 (15.03.01)  |e электронный курс  |f И. Л. Стрелкова, А. Г. Багинский  |g Национальный исследовательский Томский политехнический университет, Инженерная школа новых производственных технологий, Отделение материаловедения 
203 |a Текст  |c электронный 
210 |a Томск  |c TPU Moodle  |d 2021 
300 |a Заглавие с экрана 
330 |a Курс "Материаловедение" предназначен для студентов ЗФО, обучающихся по специальности 15.03.01 Машиностроение, в 7 семестре. Дисциплина изучает основные закономерности формирования структуры и свойств конструкционных материалов и способы их улучшения. 
333 |a Доступ по логину и паролю 
606 1 |a Материаловедение  |2 stltpush  |3 (RuTPU)RU\TPU\subj\41248  |9 61053 
606 1 |a Конструкционные металлы  |x Технология  |2 stltpush  |3 (RuTPU)RU\TPU\subj\58933  |9 76615 
610 1 |a электронный ресурс 
610 1 |a труды учёных ТПУ 
610 1 |a электронное обучение 
610 1 |a электронные курсы ТПУ 
610 1 |a электронные учебные пособия 
610 1 |a учебные пособия 
610 1 |a электронные образовательные ресурсы 
610 1 |a кристаллическое строение 
610 1 |a строение 
610 1 |a свойства 
610 1 |a кристаллизация 
610 1 |a деформация 
610 1 |a теория двойного слоя 
610 1 |a железоуглеродистые сплавы 
675 |a 620.22(075.8)  |v 4 
675 |a 669.018.29(075.8)  |v 4 
700 1 |a Стрелкова  |b И. Л.  |c специалист в области материаловедения  |c доцент Томского политехнического университета, кандидат технических наук  |f 1976-  |g Ирина Леонидовна  |3 (RuTPU)RU\TPU\pers\28240  |9 13193 
701 1 |a Багинский  |b А. Г.  |c специалист в области материаловедения  |c старший преподаватель Томского политехнического университета  |f 1963-  |g Андрей Геннадьевич  |3 (RuTPU)RU\TPU\pers\27007  |9 12592 
712 0 2 |a Национальный исследовательский Томский политехнический университет  |b Инженерная школа новых производственных технологий  |b Отделение материаловедения  |3 (RuTPU)RU\TPU\col\23508 
801 2 |a RU  |b 63413507  |c 20220621  |g RCR 
856 4 |u https://design.lms.tpu.ru/course/view.php?id=4099 
942 |c CF